[Event "1st Grand Prix, Knockout 2019"]
[Site "Moscow RUS"]
[Date "2019.05.23"]
[Round "5"]
[White "Nepomniachtchi, Ian"]
[Black "Wojtaszek, Radoslaw"]
[Result "1/2-1/2"]
[WhiteElo "2773"]
[BlackElo "2724"]
[PlyCount "51"]
[EventDate "2019.05.17"]

1. e4 c5 2. Nf3 d6 3. d4 cxd4 4. Nxd4 Nf6 5. Nc3 a6 6. Bd3 e5 7. Nde2 Be7 8.
O-O O-O 9. Ng3 Be6 10. Nd5 Bxd5 11. exd5 g6 12. c4 Nbd7 13. Bh6 Re8 14. Rc1 Nc5
15. Bb1 a5 16. b3 Rb8 17. f4 exf4 18. Bxf4 b5 19. Qf3 bxc4 20. Rxc4 Rb4 21. Bd2
Rxc4 22. bxc4 Ncd7 23. Bc3 Qb6+ 24. Kh1 Rf8 25. Qf4 Bd8 26. h3 1/2-1/2

[Event "1st Grand Prix, Knockout 2019"]
[Site "Moscow RUS"]
[Date "2019.05.24"]
[Round "6"]
[White "Wojtaszek, Radoslaw"]
[Black "Nepomniachtchi, Ian"]
[Result "1/2-1/2"]
[WhiteElo "2724"]
[BlackElo "2773"]
[PlyCount "43"]
[EventDate "2019.05.17"]

1. d4 Nf6 2. c4 g6 3. Nf3 Bg7 4. e3 O-O 5. Be2 d6 6. Nc3 Nbd7 7. O-O e5 8. b4
Re8 9. Bb2 exd4 10. Nxd4 a5 11. a3 Ne5 12. Qb3 Bg4 13. Rad1 axb4 14. axb4 Bxe2
15. Ndxe2 c6 16. h3 Qe7 17. Nd4 Ned7 18. Ra1 Nb6 19. Rxa8 Rxa8 20. Rc1 Rd8 21.
Na4 Nxa4 22. Qxa4 1/2-1/2

[Event "1st Grand Prix 2019, ((tie-break)) 2019"]
[Site "Moscow RUS"]
[Date "2019.05.25"]
[Round "3"]
[White "Wojtaszek, Radoslaw"]
[Black "Nepomniachtchi, Ian"]
[Result "1/2-1/2"]
[WhiteElo "2724"]
[BlackElo "2773"]
[PlyCount "80"]
[EventDate "2019.05.17"]

1. d4 Nf6 2. Nf3 g6 3. e3 Bg7 4. Be2 O-O 5. O-O d6 6. b3 e5 7. dxe5 Ng4 8. Bb2
Nc6 9. c4 Ngxe5 10. Nc3 Re8 11. Qd2 Bg4 12. Nxe5 Nxe5 13. f3 Be6 14. e4 Nc6 15.
Nd5 Bxb2 16. Qxb2 Bxd5 17. cxd5 Ne5 18. Rac1 c5 19. dxc6 bxc6 20. Rfd1 Qe7 21.
f4 Nd7 22. Bf3 Nc5 23. e5 dxe5 24. Qxe5 Qxe5 25. fxe5 Rxe5 26. Bxc6 Rb8 27. Rd5
Rxd5 28. Bxd5 Na6 29. a3 Rd8 30. Bb7 Nb8 31. b4 Kg7 32. Kf2 Rd3 33. Rc7 Rxa3
34. Bd5 Rd3 35. Rxf7+ Kh6 36. Bc4 Rd2+ 37. Ke3 Rxg2 38. b5 a6 39. bxa6 Nxa6 40.
Bxa6 Rxh2 1/2-1/2

[Event "1st Grand Prix 2019, ((tie-break)) 2019"]
[Site "Moscow RUS"]
[Date "2019.05.25"]
[Round "3"]
[White "Nepomniachtchi, Ian"]
[Black "Wojtaszek, Radoslaw"]
[Result "1/2-1/2"]
[WhiteElo "2773"]
[BlackElo "2724"]
[PlyCount "73"]
[EventDate "2019.05.17"]

1. e4 c5 2. Nf3 d6 3. Bb5+ Nd7 4. d4 cxd4 5. Qxd4 a6 6. Bxd7+ Bxd7 7. Nc3 e5 8.
Qd3 Rc8 9. O-O h6 10. Nd2 Qc7 11. h3 Nf6 12. a4 Be7 13. Rd1 O-O 14. Nf1 Be6 15.
Ne3 Qc5 16. Qe2 Bd8 17. Qf3 b5 18. axb5 axb5 19. Ne2 Bb6 20. Ng3 Ra8 21. Rxa8
Rxa8 22. c3 Ra1 23. Nef5 Ne8 24. Be3 Rxd1+ 25. Qxd1 Qc7 26. Bxh6 gxh6 27. Qg4+
Kf8 28. Qh4 f6 29. Qxh6+ Kg8 30. Qg6+ Kf8 31. Qh5 Qf7 32. Qh8+ Qg8 33. Qh6+ Kf7
34. Qh5+ Kf8 35. Qh6+ Kf7 36. Qh5+ Kf8 37. Qh6+ 1/2-1/2

[Event "1st Grand Prix 2019, ((tie-break)) 2019"]
[Site "Moscow RUS"]
[Date "2019.05.25"]
[Round "3"]
[White "Wojtaszek, Radoslaw"]
[Black "Nepomniachtchi, Ian"]
[Result "1/2-1/2"]
[WhiteElo "2724"]
[BlackElo "2773"]
[PlyCount "80"]
[EventDate "2019.05.17"]

1. d4 Nf6 2. c4 g6 3. Nf3 Bg7 4. g3 O-O 5. Bg2 c6 6. O-O d5 7. Qb3 Qb6 8. Nc3
Rd8 9. Na4 Qxb3 10. axb3 Na6 11. Nc3 Nc7 12. Bf4 Nfe8 13. Rfc1 Ne6 14. cxd5
Nxf4 15. gxf4 cxd5 16. Ne5 e6 17. Nb5 Bd7 18. Nxa7 Nd6 19. e3 Be8 20. Bf1 h6
21. b4 g5 22. fxg5 hxg5 23. b5 f6 24. Nd3 e5 25. Nc5 Bf7 26. b6 exd4 27. exd4
f5 28. Ra4 Nc4 29. Bxc4 dxc4 30. Nxb7 Rdb8 31. Nd6 Rxb6 32. Nxf7 Kxf7 33. Rcxc4
Rxb2 34. Rc7+ Kg8 35. Rc8+ Rxc8 36. Nxc8 Kf7 37. Ra7+ Kf8 38. Nd6 f4 39. Kg2
Rxf2+ 40. Kxf2 Bxd4+ 1/2-1/2

[Event "1st Grand Prix 2019, ((tie-break)) 2019"]
[Site "Moscow RUS"]
[Date "2019.05.25"]
[Round "3"]
[White "Nepomniachtchi, Ian"]
[Black "Wojtaszek, Radoslaw"]
[Result "1-0"]
[WhiteElo "2773"]
[BlackElo "2724"]
[PlyCount "55"]
[EventDate "2019.05.17"]

1. e4 c5 2. Nf3 d6 3. Bb5+ Nd7 4. d4 cxd4 5. Qxd4 a6 6. Bxd7+ Bxd7 7. Nc3 e5 8.
Qd3 Rc8 9. O-O h6 10. Nd2 Qc7 11. h3 Nf6 12. a4 Be7 13. Rd1 O-O 14. Nf1 d5 15.
exd5 Ne8 16. d6 Bxd6 17. Nd5 Qc6 18. Nfe3 Bc5 19. b4 Bd6 20. c4 b6 21. a5 e4
22. Qd4 Be6 23. axb6 Bxd5 24. Qxd5 Qxd5 25. Rxd5 Bxb4 26. Rxa6 Nd6 27. b7 Nxb7
28. Rb6 1-0

[Event "Lindores Abbey Stars (rapid) 2019"]
[Site "Cupar SCO"]
[Date "2019.05.25"]
[Round "1"]
[White "Karjakin, Sergey"]
[Black "Anand, Viswanathan"]
[Result "1-0"]
[WhiteElo "2752"]
[BlackElo "2774"]
[PlyCount "131"]
[EventDate "2019.05.25"]

1. d4 Nf6 2. c4 e6 3. Nf3 d5 4. Nc3 Be7 5. Bf4 O-O 6. e3 c5 7. dxc5 Bxc5 8. Qc2
Nc6 9. Rd1 Qa5 10. a3 Re8 11. Nd2 e5 12. Bg5 Nd4 13. Qb1 Bf5 14. Bd3 Bxd3 15.
Qxd3 Ne4 16. Ndxe4 dxe4 17. Qd2 Ne6 18. Nxe4 Qa6 19. O-O Qxc4 20. Qd5 Qxd5 21.
Rxd5 Bf8 22. Bf6 Rac8 23. Bxe5 Nc7 24. Bxc7 Rxc7 25. Nd2 Rc2 26. Rb1 Re6 27.
Kf1 Rb6 28. b4 a5 29. Nf3 axb4 30. axb4 Be7 31. b5 g6 32. g4 h6 33. Kg2 Bf6 34.
Kg3 Re6 35. h3 Re7 36. Ne1 Ra2 37. Nd3 Kg7 38. Kf3 Bh4 39. Rb2 Ra1 40. Rc2 Rb1
41. Rc1 Rb3 42. Rc8 Re6 43. Ke2 Ra3 44. Nc5 Ra2+ 45. Kd3 Re7 46. Rd7 Rxd7+ 47.
Nxd7 Bxf2 48. Rc7 Ra3+ 49. Kc4 Rxe3 50. Rxb7 Rxh3 51. Ne5 Kf6 52. Kd5 Kg5 53.
Rxf7 Be3 54. Rg7 Kf4 55. Rxg6 Kg3 56. b6 Rh1 57. b7 Rb1 58. Rg7 Bf4 59. Nc4
Rd1+ 60. Kc5 Rc1 61. Rf7 Rb1 62. Kc6 Bb8 63. Rf8 Rb4 64. Rxb8 Rxc4+ 65. Kb5 Rc1
66. Rg8 1-0

[Event "Lindores Abbey Stars (rapid) 2019"]
[Site "Cupar SCO"]
[Date "2019.05.25"]
[Round "1"]
[White "Carlsen, Magnus"]
[Black "Ding, Liren"]
[Result "1/2-1/2"]
[WhiteElo "2861"]
[BlackElo "2805"]
[PlyCount "87"]
[EventDate "2019.05.25"]

1. d4 Nf6 2. c4 e6 3. Nc3 Bb4 4. a3 Bxc3+ 5. bxc3 b6 6. f3 Nc6 7. e4 Ba6 8. Bg5
h6 9. Bh4 Na5 10. e5 g5 11. Bf2 Nh5 12. c5 Bxf1 13. Kxf1 d6 14. exd6 cxd6 15.
h4 gxh4 16. Rxh4 Nf6 17. c4 dxc5 18. dxc5 Qxd1+ 19. Rxd1 Nd7 20. cxb6 axb6 21.
Ne2 Rc8 22. Nc3 Rxc4 23. Ne4 Rc7 24. Nd6+ Kf8 25. Bg3 e5 26. Nf5 f6 27. Be1 Nb7
28. Rg4 Rh7 29. Ra4 Nbc5 30. Ra8+ Kf7 31. Bb4 h5 32. Rd8 Ke6 33. Nd6 Rc6 34.
Nc8 Kf5 35. Re8 Kg6 36. Kg1 Kf7 37. Rd8 Kg6 38. Kh2 Rg7 39. Re8 Kh7 40. Nd6 Rg8
41. Re7+ Rg7 42. Re8 Rg8 43. Re7+ Rg7 44. Re8 1/2-1/2

[Event "Lindores Abbey Stars (rapid) 2019"]
[Site "Cupar SCO"]
[Date "2019.05.25"]
[Round "3"]
[White "Ding, Liren"]
[Black "Karjakin, Sergey"]
[Result "1-0"]
[WhiteElo "2805"]
[BlackElo "2752"]
[PlyCount "65"]
[EventDate "2019.05.25"]

1. d4 Nf6 2. c4 e6 3. g3 Bb4+ 4. Bd2 Be7 5. Bg2 d5 6. Nf3 O-O 7. O-O Nbd7 8.
Qb3 Nb6 9. c5 Nc4 10. Qc2 b6 11. c6 a5 12. Bf4 Ba6 13. Rd1 h6 14. Ne5 Qe8 15.
a4 Nxe5 16. dxe5 Ng4 17. h3 Nxf2 18. Kxf2 Bc5+ 19. Be3 Bxe3+ 20. Kxe3 f6 21.
exf6 Rxf6 22. Bf3 Qe7 23. Kd2 Qd6 24. Kc1 Qxg3 25. Ra3 Raf8 26. Nc3 Kh8 27. Nb5
Bxb5 28. axb5 Qh4 29. Kb1 Rf4 30. Re3 R8f6 31. Bg4 Rc4 32. Qd3 Rb4 33. Bxe6 1-0

[Event "Lindores Abbey Stars (rapid) 2019"]
[Site "Cupar SCO"]
[Date "2019.05.26"]
[Round "4"]
[White "Anand, Viswanathan"]
[Black "Carlsen, Magnus"]
[Result "1/2-1/2"]
[WhiteElo "2774"]
[BlackElo "2861"]
[PlyCount "79"]
[EventDate "2019.05.25"]

1. e4 d6 2. d4 Nf6 3. Nc3 g6 4. Nf3 Bg7 5. h3 a6 6. a4 O-O 7. Be3 Nc6 8. Bc4 e6
9. d5 exd5 10. exd5 Ne7 11. O-O b6 12. Re1 Bb7 13. Qd2 b5 14. axb5 axb5 15.
Rxa8 Bxa8 16. Bxb5 Nexd5 17. Nxd5 Bxd5 18. Be2 Re8 19. c3 Bb7 20. Qd1 Qb8 21.
Bc1 Qa8 22. Bf1 Rxe1 23. Nxe1 Nd7 24. Be3 Nf8 25. Nc2 Qa4 26. Be2 Ne6 27. Nd4
Qxd1+ 28. Bxd1 Nxd4 29. Bxd4 Bxd4 30. cxd4 g5 31. g3 Kg7 32. f4 gxf4 33. gxf4
Kf6 34. Kf2 Bc8 35. h4 Kf5 36. Ke3 h6 37. Bf3 Bd7 38. Bd1 Bc8 39. Bf3 Bd7 40.
Bd1 1/2-1/2

[Event "Lindores Abbey Stars (rapid) 2019"]
[Site "Cupar SCO"]
[Date "2019.05.26"]
[Round "5"]
[White "Carlsen, Magnus"]
[Black "Karjakin, Sergey"]
[Result "1/2-1/2"]
[WhiteElo "2861"]
[BlackElo "2752"]
[PlyCount "97"]
[EventDate "2019.05.25"]

1. d4 Nf6 2. Nf3 d5 3. g3 g6 4. Bg2 Bg7 5. O-O O-O 6. c3 Nbd7 7. Bf4 c5 8. Ne5
Qb6 9. Qb3 cxd4 10. Qxb6 Nxb6 11. cxd4 Ne4 12. Rc1 Nd6 13. Nc3 Be6 14. a4 a5
15. h4 Rfc8 16. b3 Rc7 17. Nb5 Rxc1+ 18. Rxc1 Nxb5 19. axb5 Rc8 20. Rc5 Kf8 21.
e4 a4 22. exd5 Rxc5 23. dxc5 a3 24. dxe6 a2 25. Nd7+ Ke8 26. Nxb6 a1=Q+ 27. Kh2
Be5 28. Be3 fxe6 29. Bxb7 Bd4 30. Nc4 Bxe3 31. Nxe3 Qb2 32. Kg2 Qxb3 33. b6 Qb5
34. Bf3 Kd8 35. b7 Kc7 36. c6 Qb4 37. g4 Qd4 38. Nf1 h5 39. gxh5 gxh5 40. Ng3
e5 41. Ne4 Qc4 42. Ng5 Kb8 43. Be4 Qe2 44. Bf5 e4 45. Nxe4 Qc4 46. Ng3 Qxc6+
47. Be4 Qf6 48. Nxh5 Qxh4 49. Ng3 1/2-1/2

[Event "Lindores Abbey Stars (rapid) 2019"]
[Site "Cupar SCO"]
[Date "2019.05.26"]
[Round "6"]
[White "Anand, Viswanathan"]
[Black "Karjakin, Sergey"]
[Result "1/2-1/2"]
[WhiteElo "2774"]
[BlackElo "2752"]
[PlyCount "60"]
[EventDate "2019.05.25"]

1. e4 e5 2. Nf3 Nc6 3. Bb5 Nf6 4. O-O Nxe4 5. Re1 Nd6 6. Nxe5 Be7 7. Bf1 Nxe5
8. Rxe5 O-O 9. d4 Bf6 10. Re1 Re8 11. Rxe8+ Nxe8 12. d5 d6 13. Nd2 Bf5 14. Nf3
Be4 15. Bd3 Qe7 16. c4 c6 17. dxc6 Bxc6 18. Rb1 Nc7 19. Be3 Ne6 20. Nd2 g6 21.
Be4 Bd4 22. Bxc6 bxc6 23. Bxd4 Nxd4 24. Nf3 Nxf3+ 25. Qxf3 Re8 26. g3 Qe4 27.
Qxe4 Rxe4 28. Rd1 Re2 29. Rxd6 Rxb2 30. Rxc6 Rxa2 1/2-1/2

[Event "Lindores Abbey Stars (rapid) 2019"]
[Site "Cupar SCO"]
[Date "2019.05.26"]
[Round "6"]
[White "Ding, Liren"]
[Black "Carlsen, Magnus"]
[Result "1/2-1/2"]
[WhiteElo "2805"]
[BlackElo "2861"]
[PlyCount "130"]
[EventDate "2019.05.25"]

1. d4 d5 2. c4 e6 3. Nf3 a6 4. Bg5 Be7 5. Bxe7 Qxe7 6. Nbd2 Nf6 7. g3 O-O 8.
Bg2 b6 9. cxd5 exd5 10. O-O Bb7 11. Rc1 a5 12. Re1 c5 13. dxc5 bxc5 14. e4 Nxe4
15. Nh4 Qf6 16. Nxe4 dxe4 17. Rxc5 Na6 18. Rxa5 Qxb2 19. Bxe4 Bxe4 20. Rxe4
Rad8 21. Rd5 Rxd5 22. Qxd5 Nb4 23. Qb3 Qxb3 24. axb3 Rb8 25. Nf3 Kf8 26. Kf1
Nd5 27. Nd2 g6 28. Rd4 Nb4 29. Ke2 Ke7 30. Re4+ Kd7 31. Ke3 Rb5 32. Kd4 Rd5+
33. Kc3 Rd3+ 34. Kxb4 Rxd2 35. Rf4 f5 36. Kc5 Kc7 37. b4 Kb7 38. h4 h5 39. Rf3
Rc2+ 40. Kd5 Re2 41. Kc5 Rc2+ 42. Kd4 Re2 43. Kd5 Kb6 44. Rf4 Kb5 45. Kd6 Kb6
46. f3 Kb5 47. Kd5 Rg2 48. Ke5 Rxg3 49. Kf6 Ka4 50. Kg7 Kb5 51. Kh6 Ka4 52. Rd4
Kb5 53. Rd6 Kxb4 54. Rxg6 Rxf3 55. Kxh5 Kc5 56. Rf6 Kd5 57. Kg6 Ke5 58. h5 Rg3+
59. Kf7 f4 60. h6 Rh3 61. Kg7 f3 62. Rf8 Rg3+ 63. Kh8 Ke4 64. h7 Ke3 65. Rxf3+
Kxf3 1/2-1/2

[Event "Top 12 (French League) 2019"]
[Site "Brest FRA"]
[Date "2019.05.26"]
[Round "9"]
[White "Amin, Bassem"]
[Black "Donchenko, Alexander"]
[Result "1/2-1/2"]
[WhiteElo "2704"]
[BlackElo "2595"]
[PlyCount "166"]
[EventDate "2019.05.18"]
[WhiteTeam "Clichy-Echecs-92"]
[BlackTeam "Vandoeuvre-Echecs"]

1. Nf3 c5 2. e4 d6 3. Bb5+ Nd7 4. c3 Ngf6 5. Bd3 a6 6. Bc2 b5 7. d4 Bb7 8. Nbd2
e5 9. O-O Be7 10. d5 O-O 11. Re1 g6 12. Nf1 Nh5 13. g4 Ng7 14. Ng3 Nf6 15. h3
h5 16. Nh2 h4 17. Nh1 Nh7 18. f4 exf4 19. Bxf4 Bg5 20. Qd2 Qf6 21. Rf1 Rae8 22.
Rad1 Bxf4 23. Rxf4 Qe7 24. Nf2 Bc8 25. Rf1 Ng5 26. Nf3 Nh7 27. Nh2 Ng5 28. Nf3
Nh7 29. Ne1 Ng5 30. Ng2 Qd8 31. Kh2 Re5 32. Nxh4 Nxh3 33. Nxh3 Qxh4 34. Qf2 Qe7
35. Qg3 Nh5 36. gxh5 Rxh5 37. Rf5 Rh6 38. R1f3 Kg7 39. Kg2 f6 40. Nf2 Bxf5 41.
exf5 Qe1 42. Re3 Qd2 43. Re7+ Rf7 44. Rxf7+ Kxf7 45. fxg6+ Kg7 46. Be4 Rh5 47.
Qxd6 f5 48. Bf3 Rg5+ 49. Kf1 Qe3 50. Qd7+ Kxg6 51. Qe6+ Qxe6 52. dxe6 Kf6 53.
Nd3 f4 54. Nxf4 Rf5 55. Nh5+ Ke7 56. Kf2 Rf8 57. Ke3 Kxe6 58. b4 cxb4 59. Nf4+
Kd6 60. cxb4 Rc8 61. Bd1 Rc4 62. Nd3 Kc7 63. Bb3 Rh4 64. Nf4 Kb7 65. Ke4 a5 66.
bxa5 Ka6 67. Ke5 Kxa5 68. Nd5 Rh1 69. Ke6 Rc1 70. Kd6 Rc8 71. Ne7 Rc1 72. Nc6+
Kb6 73. Nb4 Rc8 74. Be6 Rc1 75. Bf7 Ka5 76. Nc6+ Ka4 77. Bb3+ Ka3 78. Nd4 Kb2
79. Nc6 Ka3 80. Nd4 Kb2 81. Nxb5 Ra1 82. Kc5 Rxa2 83. Bxa2 Kxa2 1/2-1/2

[Event "Top 12 (French League) 2019"]
[Site "Brest FRA"]
[Date "2019.05.27"]
[Round "10"]
[White "Ragger, Markus"]
[Black "Harikrishna, Pentala"]
[Result "1/2-1/2"]
[WhiteElo "2682"]
[BlackElo "2730"]
[PlyCount "38"]
[EventDate "2019.05.18"]
[WhiteTeam "Bischwiller"]
[BlackTeam "Asnieres - Le Grand Echiquier"]

1. e4 e5 2. Nf3 Nc6 3. Bc4 Bc5 4. c3 Nf6 5. d3 d6 6. O-O a6 7. Bb3 Ba7 8. Nbd2
O-O 9. Re1 h6 10. Nf1 Re8 11. h3 Be6 12. Ng3 Bxb3 13. Qxb3 Qd7 14. Be3 Bxe3 15.
Rxe3 d5 16. Rae1 Na5 17. Qa3 Nc6 18. Qb3 Na5 19. Qa3 Nc6 1/2-1/2

[Event "Top 12 (French League) 2019"]
[Site "Brest FRA"]
[Date "2019.05.27"]
[Round "10"]
[White "Safarli, Eltaj"]
[Black "Amin, Bassem"]
[Result "1/2-1/2"]
[WhiteElo "2624"]
[BlackElo "2704"]
[PlyCount "55"]
[EventDate "2019.05.18"]
[WhiteTeam "Club d'Echecs Metz Fischer"]
[BlackTeam "Clichy-Echecs-92"]

1. c4 e5 2. g3 Nc6 3. Bg2 f5 4. Nc3 Nf6 5. d3 Bb4 6. Bd2 O-O 7. Nd5 Bxd2+ 8.
Qxd2 d6 9. e3 e4 10. f4 Be6 11. dxe4 Nxe4 12. Bxe4 fxe4 13. Ne2 Ne7 14. O-O-O
c6 15. Nxe7+ Qxe7 16. Qxd6 Qf7 17. Nc3 Bxc4 18. Rd4 Bd3 19. Rd1 Rae8 20. b3 Re6
21. Qd7 Re7 22. Qd6 Re6 23. Qd7 Qf6 24. Qxb7 c5 25. Nxe4 Bxe4 26. Rxe4 Qa1+ 27.
Kc2 Qxa2+ 28. Kc1 1/2-1/2

[Event "Top 12 (French League) 2019"]
[Site "Brest FRA"]
[Date "2019.05.28"]
[Round "11"]
[White "Amin, Bassem"]
[Black "Velten, Paul"]
[Result "1-0"]
[WhiteElo "2704"]
[BlackElo "2507"]
[PlyCount "103"]
[EventDate "2019.05.18"]
[WhiteTeam "Clichy-Echecs-92"]
[BlackTeam "T H F Saint-Quentin"]

1. Nf3 Nf6 2. g3 d5 3. Bg2 Nbd7 4. d4 b5 5. O-O Bb7 6. a4 a6 7. Nbd2 e6 8. Nb3
c5 9. Bd2 Be7 10. dxc5 Nxc5 11. Na5 Qb6 12. axb5 axb5 13. b4 Nce4 14. Be3 Qc7
15. Nd4 O-O 16. Nxb5 Qd7 17. c4 Ba6 18. Na7 Rxa7 19. Bxa7 Bxb4 20. Bd4 Qc7 21.
Qa4 Nc3 22. Bxc3 Bxc3 23. Ra2 Bxa5 24. cxd5 Bxe2 25. Rxe2 exd5 26. Rc2 Qd8 27.
Rfc1 Bb6 28. Qb4 Ba5 29. Qb5 Qb6 30. Rc5 Qxb5 31. Rxb5 Bd8 32. Rc8 Be7 33.
Rxf8+ Bxf8 34. Bxd5 Nxd5 35. Rxd5 g6 36. g4 Kg7 37. Kg2 h6 38. Kf3 Be7 39. Ke4
Bh4 40. f3 Bf2 41. Rd6 Bg1 42. h3 Bh2 43. Ra6 Bg3 44. Kd5 Bf4 45. Kc6 f5 46.
gxf5 gxf5 47. Kd5 Bg3 48. Ke6 Kg6 49. Ra5 f4 50. Rf5 h5 51. Ke5 h4 52. Ke4 1-0

[Event "1st Grand Prix, Knockout 2019"]
[Site "Moscow RUS"]
[Date "2019.05.27"]
[Round "7"]
[White "Grischuk, Alexander"]
[Black "Nepomniachtchi, Ian"]
[Result "1/2-1/2"]
[WhiteElo "2772"]
[BlackElo "2773"]
[PlyCount "76"]
[EventDate "2019.05.17"]

1. d4 Nf6 2. c4 g6 3. Nc3 d5 4. cxd5 Nxd5 5. e4 Nxc3 6. bxc3 Bg7 7. Nf3 c5 8.
Be2 Nc6 9. d5 Bxc3+ 10. Bd2 Bxa1 11. Qxa1 Nd4 12. Nxd4 cxd4 13. Qxd4 O-O 14.
O-O Qb6 15. Qc3 Bd7 16. Bh6 f6 17. Bxf8 Rc8 18. Qf3 Kxf8 19. e5 Kg7 20. exf6+
exf6 21. h3 Qd6 22. Qd3 h5 23. Qd2 b5 24. Qa5 a6 25. Bf3 Be8 26. h4 Bf7 27. g3
Rc4 28. Rd1 Rc2 29. Be4 Rc8 30. Bg2 Rc7 31. Bf3 Rc4 32. Bg2 Kg8 33. Bf3 Kh7 34.
Kg2 f5 35. Qd2 b4 36. Qe3 Rc7 37. Rd3 a5 38. a3 bxa3 1/2-1/2

[Event "1st Grand Prix, Knockout 2019"]
[Site "Moscow RUS"]
[Date "2019.05.28"]
[Round "8"]
[White "Nepomniachtchi, Ian"]
[Black "Grischuk, Alexander"]
[Result "1/2-1/2"]
[WhiteElo "2773"]
[BlackElo "2772"]
[PlyCount "45"]
[EventDate "2019.05.17"]

1. e4 e5 2. Nf3 Nc6 3. Bb5 Nf6 4. O-O Nxe4 5. Re1 Nd6 6. Nxe5 Be7 7. Bf1 Nxe5
8. Rxe5 O-O 9. d4 Bf6 10. Re2 Nc4 11. b3 Nb6 12. a4 a5 13. Nc3 d6 14. Ne4 Be7
15. Qe1 Nd5 16. Nc3 Nxc3 17. Rxe7 Nd5 18. Re2 Bg4 19. f3 Bf5 20. Qd2 Re8 21.
Bb2 Rxe2 22. Qxe2 Qe8 23. Re1 1/2-1/2

[Event "1st Grand Prix 2019, ((tie-break)) 2019"]
[Site "Moscow RUS"]
[Date "2019.05.29"]
[Round "4"]
[White "Grischuk, Alexander"]
[Black "Nepomniachtchi, Ian"]
[Result "1/2-1/2"]
[WhiteElo "2772"]
[BlackElo "2773"]
[PlyCount "73"]
[EventDate "2019.05.17"]

1. e4 e5 2. Nf3 Nf6 3. d3 Nc6 4. g3 d5 5. exd5 Qxd5 6. Bg2 Bg4 7. h3 Bxf3 8.
Qxf3 Qxf3 9. Bxf3 Nd4 10. Bd1 O-O-O 11. Nd2 Nc6 12. a3 g6 13. Ne4 Nxe4 14. dxe4
h5 15. c3 Bh6 16. Bxh6 Rxh6 17. Bb3 f6 18. h4 Kd7 19. Ke2 Ke7 20. Rhd1 Rhh8 21.
Bd5 Rd6 22. b4 Nd8 23. f4 c6 24. Bb3 Rxd1 25. Rxd1 Ne6 26. Ke3 a5 27. Bxe6 Kxe6
28. bxa5 Ra8 29. Rb1 Rxa5 30. Rxb7 Rxa3 31. Kd3 exf4 32. gxf4 Ra1 33. Rc7 Kd6
34. Rf7 Ke6 35. Rc7 Kd6 36. Rf7 Ke6 37. Rc7 1/2-1/2

[Event "1st Grand Prix 2019, ((tie-break)) 2019"]
[Site "Moscow RUS"]
[Date "2019.05.29"]
[Round "4"]
[White "Nepomniachtchi, Ian"]
[Black "Grischuk, Alexander"]
[Result "1-0"]
[WhiteElo "2773"]
[BlackElo "2772"]
[PlyCount "71"]
[EventDate "2019.05.17"]

1. e4 e5 2. Nf3 Nc6 3. Bc4 Nf6 4. d3 Bc5 5. c3 d6 6. a4 a6 7. h3 Ba7 8. O-O h6
9. Re1 O-O 10. Nbd2 Re8 11. b4 Be6 12. Bxe6 Rxe6 13. Qc2 Qd7 14. Nc4 d5 15.
exd5 Qxd5 16. Ne3 Qd7 17. Nc4 Qd5 18. Ne3 Qd7 19. b5 Na5 20. c4 Bd4 21. Rb1
axb5 22. axb5 Ree8 23. c5 Nd5 24. Nxd5 Qxd5 25. Nxd4 exd4 26. Rxe8+ Rxe8 27.
Bf4 Re7 28. Qa4 b6 29. c6 Kh7 30. Rb4 Qe6 31. Rxd4 f5 32. Be3 g5 33. Qb4 Rg7
34. Rd8 Nb3 35. Bd4 Re7 36. Qxe7+ 1-0

[Event "Norway Chess 2019"]
[Site "Stavanger NOR"]
[Date "2019.06.04"]
[Round "1"]
[White "Carlsen, Magnus"]
[Black "Anand, Viswanathan"]
[Result "1/2-1/2"]
[WhiteElo "2875"]
[BlackElo "2767"]
[PlyCount "116"]
[EventDate "2019.06.04"]

1. d4 Nf6 2. c4 e6 3. Nf3 d5 4. Nc3 dxc4 5. e4 Bb4 6. Bg5 c5 7. Bxc4 cxd4 8.
Nxd4 Bxc3+ 9. bxc3 Qa5 10. Nb5 Nxe4 11. Qd4 O-O 12. Qxe4 a6 13. O-O axb5 14.
Bd3 f5 15. Qe2 Nc6 16. Bd2 Qc7 17. Bxb5 f4 18. f3 e5 19. Rfe1 Bd7 20. a4 Kh8
21. Rad1 Rae8 22. Bc1 e4 23. fxe4 Ne5 24. Bxd7 Nxd7 25. Rf1 Nc5 26. Ba3 Rxe4
27. Qb5 Re5 28. Rde1 Rc8 29. Rxe5 Qxe5 30. Bxc5 Qxc5+ 31. Qxc5 Rxc5 32. Rxf4 h6
33. Rf3 Kg8 34. Rd3 Ra5 35. Rd7 Rxa4 36. Rxb7 Ra2 37. h4 Kh7 38. Kh2 Rd2 39.
Rc7 Kg6 40. Kg3 Kh5 41. Rc5+ g5 42. Kh3 Rd3+ 43. g3 Re3 44. Kg2 Rd3 45. Rc4 Re3
46. hxg5 hxg5 47. Kh3 Rd3 48. Rc8 g4+ 49. Kg2 Rd2+ 50. Kf1 Rc2 51. c4 Kg5 52.
c5 Kf6 53. c6 Ke7 54. c7 Kd6 55. Rd8+ Kxc7 56. Rd4 Kc6 57. Kg1 Kc5 58. Rxg4 Kd5
1/2-1/2

[Event "Norway Chess 2019"]
[Site "Stavanger NOR"]
[Date "2019.06.04"]
[Round "1"]
[White "Mamedyarov, Shakhriyar"]
[Black "Caruana, Fabiano"]
[Result "1/2-1/2"]
[WhiteElo "2774"]
[BlackElo "2819"]
[PlyCount "63"]
[EventDate "2019.06.04"]

1. c4 e5 2. Nc3 Nf6 3. Nf3 Nc6 4. e3 d5 5. cxd5 Nxd5 6. Bb5 Nxc3 7. bxc3 Bd6 8.
d4 Bd7 9. O-O O-O 10. Nd2 Na5 11. Bd3 f5 12. e4 f4 13. Nf3 Bg4 14. Be2 Bxf3 15.
Bxf3 b6 16. Qe2 Qe7 17. Rd1 Rad8 18. Bd2 g6 19. Be1 Kg7 20. Rac1 h5 21. h3 c5
22. Kf1 Nc6 23. Qb5 Rc8 24. dxc5 Bxc5 25. Rd5 Rfd8 26. Rcd1 Rd6 27. R1d3 Rcd8
28. Rxd6 Rxd6 29. Bd1 Rxd3 30. Qxd3 Na5 31. Qd5 Qd6 32. Qxd6 1/2-1/2

[Event "Norway Chess 2019"]
[Site "Stavanger NOR"]
[Date "2019.06.04"]
[Round "1"]
[White "Ding, Liren"]
[Black "So, Wesley"]
[Result "1/2-1/2"]
[WhiteElo "2805"]
[BlackElo "2754"]
[PlyCount "70"]
[EventDate "2019.06.04"]

1. d4 d5 2. c4 e6 3. Nf3 Nf6 4. g3 dxc4 5. Bg2 c5 6. O-O Nc6 7. dxc5 Qxd1 8.
Rxd1 Bxc5 9. Nbd2 c3 10. bxc3 O-O 11. Nb3 Be7 12. Bb2 Bd7 13. c4 Rfd8 14. Nfd4
Rac8 15. Nb5 b6 16. Nd6 Bxd6 17. Rxd6 Be8 18. Rxd8 Nxd8 19. Rc1 Bc6 20. c5 Bxg2
21. Kxg2 Nd7 22. cxb6 Rxc1 23. Bxc1 axb6 24. Kf3 Nc6 25. Ke3 Kf8 26. Kd3 b5 27.
Ba3+ Ke8 28. f4 f5 29. e4 fxe4+ 30. Kxe4 Nf6+ 31. Kf3 e5 32. f5 Kf7 33. Bb2 g6
34. fxg6+ Kxg6 35. h3 h5 1/2-1/2

[Event "Norway Chess 2019"]
[Site "Stavanger NOR"]
[Date "2019.06.04"]
[Round "1"]
[White "Vachier-Lagrave, Maxime"]
[Black "Yu, Yangyi"]
[Result "1/2-1/2"]
[WhiteElo "2779"]
[BlackElo "2738"]
[PlyCount "85"]
[EventDate "2019.06.04"]

1. e4 e5 2. Nf3 Nf6 3. Nxe5 d6 4. Nf3 Nxe4 5. Nc3 Nxc3 6. dxc3 Be7 7. Be3 Nc6
8. Qd2 Be6 9. O-O-O Qd7 10. Kb1 Bf6 11. Ng5 Bxg5 12. Bxg5 f6 13. Bf4 O-O-O 14.
b3 h5 15. h3 Rhe8 16. Be2 Bf7 17. g4 hxg4 18. hxg4 Re7 19. g5 Rde8 20. Bf1 Be6
21. gxf6 gxf6 22. Be3 Rh7 23. Rxh7 Qxh7 24. c4 Bf5 25. Kb2 Qe7 26. Qc3 Qe5 27.
Be2 Nb4 28. Qxe5 fxe5 29. c3 Nc6 30. Bf3 a6 31. c5 dxc5 32. Bxc5 Rd8 33. Rxd8+
Nxd8 34. c4 Ne6 35. Be3 c5 36. a3 a5 37. Kc3 Kc7 38. Bd1 b6 39. b4 axb4+ 40.
axb4 cxb4+ 41. Kxb4 Nd4 42. Bh6 Ne6 43. Be3 1/2-1/2

[Event "Norway Chess 2019"]
[Site "Stavanger NOR"]
[Date "2019.06.04"]
[Round "1"]
[White "Aronian, Levon"]
[Black "Grischuk, Alexander"]
[Result "1/2-1/2"]
[WhiteElo "2752"]
[BlackElo "2775"]
[PlyCount "69"]
[EventDate "2019.06.04"]

1. c4 c5 2. g3 g6 3. Bg2 Bg7 4. Nc3 Nc6 5. d3 d6 6. Qd2 Qd7 7. b3 b6 8. Bb2 Bb7
9. Nd5 e5 10. f4 Nge7 11. e4 Nxd5 12. cxd5 Nd4 13. Nf3 Nxf3+ 14. Bxf3 Qe7 15.
h4 f5 16. h5 O-O-O 17. O-O-O exf4 18. gxf4 Bxb2+ 19. Qxb2 Rhf8 20. Rde1 Qf7 21.
Rh4 Qe7 22. Rhh1 Qf7 23. Ref1 Kb8 24. Rhg1 fxe4 25. Bxe4 Bxd5 26. hxg6 hxg6 27.
Bxg6 Qf6 28. f5 Rd7 29. Qxf6 Rxf6 30. Bh5 Kc7 31. Rg6 Rdf7 32. Rxf6 Rxf6 33.
Bg6 Kd7 34. Kd2 Rf8 35. d4 1/2-1/2